| 000 | 00467nam a2200193Ia 4500 | ||
|---|---|---|---|
| 008 | 240510s9999 xx 000 0 und d | ||
| 020 | _a0000521072344 | ||
| 041 | _aEng | ||
| 082 | _a519.2 | ||
| 082 | _bL58 | ||
| 100 | _aLOVEDAY, Robert | ||
| 245 | 0 | _aStatistics : second edition of A second course in Statistics | |
| 260 | _bCambridge , C.U.P. | ||
| 260 | _c1961 | ||
| 300 | _a206 p. | ||
| 650 | _aStatistics probability | ||
| 942 | _2ddc | ||
| 942 | _cLBK | ||
| 999 |
_c25610 _d25610 |
||
| 945 |
_a1 _bMadushi Gamage _c1 _dMadushi Gamage |
||